<?xml version="1.0" encoding="UTF-8"?>
<record
    xmlns:xsi="http://www.w3.org/2001/XMLSchema-instance"
    xsi:schemaLocation="http://www.loc.gov/MARC21/slim http://www.loc.gov/standards/marcxml/schema/MARC21slim.xsd"
    xmlns="http://www.loc.gov/MARC21/slim">

  <leader>02942nam a22002657a 4500</leader>
  <controlfield tag="005">20250117122044.0</controlfield>
  <controlfield tag="008">250109b           ||||| |||| 00| 0 eng d</controlfield>
  <datafield tag="020" ind1=" " ind2=" ">
    <subfield code="a">9789355325921</subfield>
  </datafield>
  <datafield tag="040" ind1=" " ind2=" ">
    <subfield code="c">AL</subfield>
  </datafield>
  <datafield tag="041" ind1=" " ind2=" ">
    <subfield code="a">eng</subfield>
  </datafield>
  <datafield tag="082" ind1=" " ind2=" ">
    <subfield code="2">23</subfield>
    <subfield code="a">709.54076</subfield>
    <subfield code="b">SINI</subfield>
  </datafield>
  <datafield tag="100" ind1=" " ind2=" ">
    <subfield code="a">Nitin Singhania</subfield>
    <subfield code="9">193894</subfield>
  </datafield>
  <datafield tag="100" ind1=" " ind2=" ">
    <subfield code="d">SUDIPTA (Singhania)</subfield>
    <subfield code="9">192833</subfield>
  </datafield>
  <datafield tag="245" ind1=" " ind2=" ">
    <subfield code="a">Indian Art and Culture</subfield>
  </datafield>
  <datafield tag="250" ind1=" " ind2=" ">
    <subfield code="a">5</subfield>
  </datafield>
  <datafield tag="260" ind1=" " ind2=" ">
    <subfield code="a">Chennai</subfield>
    <subfield code="b">McGraw Hill Education (India) Private Limited</subfield>
    <subfield code="c">2024</subfield>
  </datafield>
  <datafield tag="300" ind1=" " ind2=" ">
    <subfield code="a">xxvii,571p.</subfield>
    <subfield code="b">PB</subfield>
    <subfield code="c">24x18cm</subfield>
  </datafield>
  <datafield tag="365" ind1=" " ind2=" ">
    <subfield code="2">History</subfield>
    <subfield code="a">BLCR-000062</subfield>
    <subfield code="b">740.00</subfield>
    <subfield code="c">&#x20B9;</subfield>
    <subfield code="d">925.00</subfield>
    <subfield code="e">20%</subfield>
    <subfield code="f">07-01-2025</subfield>
  </datafield>
  <datafield tag="520" ind1=" " ind2=" ">
    <subfield code="a">Indian Art and Culture is a &#x2018;must have&#x2019; for every aspirant of Civil Services Preliminary and Main Examinations. The book consists of the latest questions from 2023 UPSC prelims, along with 25 chapters and a pluck out chart on UNESCO heritage sites in India. It contains concise notes with vast coverage of topics covered in the syllabus of Indian Heritage and Culture for General Studies-Paper I in Civil Services Examination. This bestselling title contains a wide ranged knowledge base of Indian art, paintings, music, and architecture presented with rich visuals. This edition is supported by online supplementary readings; creating an immersive and enriching experience for aspirants.
With this book, you get free exclusive access to McGraw Hill Edge &#x2013; a digital platform with high-quality learning resources that provides you the edge to excel at your exams.
On the McGraw Hill Edge platform, you can access mock tests and practice tests, expert sessions, comprehensive study materials, and exam preparation strategies, all designed to enhance your preparation and give you the winning edge. Moreover, its mobile and web app interface makes learning convenient and accessible! Follow the instructions given in the book to get access.
Salient Features:
1. This is a 4-colour edition containing 25 chapters and a pluck-out chart on UNESCO World Heritage Sites in India
2. Includes 3 comprehensive sections: Visual Arts, Performing Arts and Culture of India
3. Includes four new chapters on Indian Sculpture and Pottery, Indian Tribal Culture, Trade, Traders and Cultural Exchange, and Legendary Cities of Ancient and Medieval India
4. Contains solved prelims 2023 paper as part of chapters
5. Inclusion of 10 web chapters on McGraw Hill Edge
o Chapter 12 Indian Puppetry
o Chapter 13 Indian Circus
o Chapter 23 - Education in Ancient and Medieval India
o Chapter 26 - Indian Cinema
o Chapter 28 - Awards and Honours
o Chapter 30 - Law and Culture
o Chapter 31 - Indian Culture Abroad
o Chapter 33 - Cultural Institutions in India
o Appendix 1 - Famous Personalities of India
o Appendix 2 - Recent Geographical Indications
</subfield>
  </datafield>
  <datafield tag="650" ind1=" " ind2=" ">
    <subfield code="a">Civil Services</subfield>
    <subfield code="9">192834</subfield>
  </datafield>
  <datafield tag="650" ind1=" " ind2=" ">
    <subfield code="a">Competitive Examination</subfield>
    <subfield code="9">192835</subfield>
  </datafield>
  <datafield tag="700" ind1=" " ind2=" ">
    <subfield code="a">SINGHANIA (Nitin)</subfield>
    <subfield code="9">192836</subfield>
  </datafield>
  <datafield tag="700" ind1=" " ind2=" ">
    <subfield code="a">SINGHANIA (Sudipta)</subfield>
    <subfield code="9">192837</subfield>
  </datafield>
  <datafield tag="942" ind1=" " ind2=" ">
    <subfield code="2">ddc</subfield>
    <subfield code="c">BK</subfield>
  </datafield>
  <datafield tag="999" ind1=" " ind2=" ">
    <subfield code="c">233618</subfield>
    <subfield code="d">233618</subfield>
  </datafield>
  <datafield tag="952" ind1=" " ind2=" ">
    <subfield code="0">0</subfield>
    <subfield code="1">0</subfield>
    <subfield code="2">ddc</subfield>
    <subfield code="4">0</subfield>
    <subfield code="7">0</subfield>
    <subfield code="8">HIS</subfield>
    <subfield code="a">AL</subfield>
    <subfield code="b">AL</subfield>
    <subfield code="d">2025-01-07</subfield>
    <subfield code="e">Navakarnataka Publications Pvt. Ltd. Mangaluru-575001</subfield>
    <subfield code="g">740.00</subfield>
    <subfield code="l">0</subfield>
    <subfield code="o">709.54076 SINI</subfield>
    <subfield code="p">077509</subfield>
    <subfield code="r">2025-01-09 00:00:00</subfield>
    <subfield code="v">925.00</subfield>
    <subfield code="w">2025-01-09</subfield>
    <subfield code="y">BK</subfield>
  </datafield>
</record>
